Must love dogs (Record no. 263165)
[ view plain ]
| 000 -LEADER | |
|---|---|
| fixed length control field | 03607cgm a2200721Ia 4500 |
| 001 - CONTROL NUMBER | |
| control field | ocm61843729 |
| 003 - CONTROL NUMBER IDENTIFIER | |
| control field | OCoLC |
| 005 - DATE AND TIME OF LATEST TRANSACTION | |
| control field | 20200320181253.0 |
| 007 - PHYSICAL DESCRIPTION FIXED FIELD--GENERAL INFORMATION | |
| fixed length control field | vd cvaizq |
| 008 - FIXED-LENGTH DATA ELEMENTS--GENERAL INFORMATION | |
| fixed length control field | 051005s2005 cau098 g vleng d |
| 020 ## - INTERNATIONAL STANDARD BOOK NUMBER | |
| International Standard Book Number | 1419802372 |
| 020 ## - INTERNATIONAL STANDARD BOOK NUMBER | |
| International Standard Book Number | 9781419802379 |
| 020 ## - INTERNATIONAL STANDARD BOOK NUMBER | |
| Terms of availability | 9.95 |
| 024 1# - OTHER STANDARD IDENTIFIER | |
| Standard number or code | 012569593442 |
| 028 41 - PUBLISHER NUMBER | |
| Publisher number | 59344 |
| Source | Warner Home Video |
| 029 1# - (OCLC) | |
| OCLC library identifier | NLGGC |
| System control number | 292763077 |
| 035 ## - SYSTEM CONTROL NUMBER | |
| System control number | (OCoLC)61843729 |
| 037 ## - SOURCE OF ACQUISITION | |
| Source of stock number/acquisition | Midwest Tapes |
| Note | http://www.midwesttapes.com |
| 040 ## - CATALOGING SOURCE | |
| Original cataloging agency | TEFMT |
| Transcribing agency | TEFMT |
| Modifying agency | TEF |
| -- | RCS |
| -- | MNL |
| -- | GK8 |
| -- | BTCTA |
| -- | WACOL |
| 041 1# - LANGUAGE CODE | |
| Language code of text/sound track or separate title | eng |
| -- | fre |
| Language code of summary or abstract/overprinted title or subtitle | eng |
| -- | fre |
| -- | spa |
| Language code of original and/or intermediate translations of text | eng |
| 049 ## - LOCAL HOLDINGS (OCLC) | |
| Holding library | WACL |
| 082 04 - DEWEY DECIMAL CLASSIFICATION NUMBER | |
| Classification number | 791.43/72 |
| Edition number | 22 |
| 092 ## - LOCALLY ASSIGNED DEWEY CALL NUMBER (OCLC) | |
| Classification number | DVD |
| Item number | Mus |
| 245 00 - TITLE STATEMENT | |
| Title | Must love dogs |
| Medium | [videorecording] / |
| Statement of responsibility, etc | Warner Bros. Pictures presents an UBU/Team Todd production ; produced by Suzanne Todd, Jennifer Todd, Gary David Goldberg ; screenplay by Gary David Goldberg ; directed by Gary David Goldberg. |
| 250 ## - EDITION STATEMENT | |
| Edition statement | Full-screen ed. |
| 260 ## - PUBLICATION, DISTRIBUTION, ETC. (IMPRINT) | |
| Place of publication, distribution, etc | [Burbank, CA] : |
| Name of publisher, distributor, etc | Warner Home Video, |
| Date of publication, distribution, etc | [2005] |
| 300 ## - PHYSICAL DESCRIPTION | |
| Extent | 1 videodisc (98 min.) : |
| Other physical details | sd., col. ; |
| Dimensions | 4 3/4 in. |
| 538 ## - SYSTEM DETAILS NOTE | |
| System details note | DVD, region 1, full screen (1.33:1) presentation. |
| 546 ## - LANGUAGE NOTE | |
| Language note | Closed-captioned ; dialogue in English (Dolby Surround 5.1) or French (Dolby Surround 5.1) with optional subtitles in English, French or Spanish. |
| 511 1# - PARTICIPANT OR PERFORMER NOTE | |
| Participant or performer note | Diane Lane, John Cusack, Dermot Mulroney, Elizabeth Perkins, Stockard Channing, Christopher Plummer. |
| 508 ## - CREATION/PRODUCTION CREDITS NOTE | |
| Creation/production credits note | Director of photography, John Baily ; editor, Eric Sears ; music, Craig Armstrong ; costume designer, Florence-Isabelle Megginson, Gamila Smith ; production designer, Naomi Shohan. |
| 500 ## - GENERAL NOTE | |
| General note | Based on the book by Claire Cook. |
| 500 ## - GENERAL NOTE | |
| General note | Special features: Additional scenes with optional commentary; "Pass the beef" gag reel; theatrical trailer. |
| 521 8# - TARGET AUDIENCE NOTE | |
| Target audience note | MPAA rating: PG-13; for sexual content. |
| 520 ## - SUMMARY, ETC. | |
| Summary, etc | Sarah Nolan is divorced, demoralized and dateless - until her sister posts her profile on perfectmatch.com. Now she has a lot of dates, mainly with weirdos, weepers, lechers and jocks. Then she meets Jake, a soulful boat builder whose idea of true love comes straight from the movies. Jake is attractive, smart and maybe a bit too intense for Sarah, so she passes him by. But in passing him up, she may be passing up a real chance for love. |
| 506 ## - RESTRICTIONS ON ACCESS NOTE | |
| Terms governing access | For private home use only. |
| 650 #0 - SUBJECT ADDED ENTRY--TOPICAL TERM | |
| Topical term or geographic name as entry element | Man-woman relationships |
| Form subdivision | Drama. |
| 9 (RLIN) | 5673977 |
| 650 #0 - SUBJECT ADDED ENTRY--TOPICAL TERM | |
| Topical term or geographic name as entry element | Online dating |
| Form subdivision | Drama. |
| 9 (RLIN) | 5833979 |
| 650 #0 - SUBJECT ADDED ENTRY--TOPICAL TERM | |
| Topical term or geographic name as entry element | Love |
| Form subdivision | Drama. |
| 9 (RLIN) | 5705469 |
| 650 #7 - SUBJECT ADDED ENTRY--TOPICAL TERM | |
| Topical term or geographic name as entry element | Relaciones humanas |
| Form subdivision | Teatro. |
| Source of heading or term | bidex |
| 9 (RLIN) | 5735373 |
| 650 #7 - SUBJECT ADDED ENTRY--TOPICAL TERM | |
| Topical term or geographic name as entry element | Amor |
| Form subdivision | Teatro. |
| Source of heading or term | bidex |
| 9 (RLIN) | 5833980 |
| 650 #8 - SUBJECT ADDED ENTRY--TOPICAL TERM | |
| Topical term or geographic name as entry element | Man-woman relationship |
| Form subdivision | Drama. |
| 9 (RLIN) | 5709377 |
| 655 #0 - INDEX TERM--GENRE/FORM | |
| Genre/form data or focus term | Feature films. |
| 9 (RLIN) | 102699 |
| 655 #7 - INDEX TERM--GENRE/FORM | |
| Genre/form data or focus term | Romance |
| Form subdivision | Feature. |
| Source of term | migfg |
| 9 (RLIN) | 5714821 |
| 655 #7 - INDEX TERM--GENRE/FORM | |
| Genre/form data or focus term | Comedy |
| Form subdivision | Feature. |
| Source of term | migfg |
| 9 (RLIN) | 5696136 |
| 655 #0 - INDEX TERM--GENRE/FORM | |
| Genre/form data or focus term | Video recordings for the hearing impaired. |
| 9 (RLIN) | 5833981 |
| 655 #0 - INDEX TERM--GENRE/FORM | |
| Genre/form data or focus term | Videodiscs. |
| 9 (RLIN) | 5674338 |
| 700 1# - ADDED ENTRY--PERSONAL NAME | |
| Personal name | Lane, Diane. |
| 9 (RLIN) | 23762 |
| 700 1# - ADDED ENTRY--PERSONAL NAME | |
| Personal name | Goldberg, Gary David. |
| 9 (RLIN) | 66180 |
| 700 1# - ADDED ENTRY--PERSONAL NAME | |
| Personal name | Cusack, John, |
| Dates associated with a name | 1966- |
| 9 (RLIN) | 43552 |
| 700 1# - ADDED ENTRY--PERSONAL NAME | |
| Personal name | Mulroney, Dermot. |
| 9 (RLIN) | 64320 |
| 700 1# - ADDED ENTRY--PERSONAL NAME | |
| Personal name | Perkins, Elizabeth, |
| Dates associated with a name | 1960- |
| 9 (RLIN) | 62804 |
| 700 1# - ADDED ENTRY--PERSONAL NAME | |
| Personal name | Channing, Stockard. |
| 9 (RLIN) | 23391 |
| 700 1# - ADDED ENTRY--PERSONAL NAME | |
| Personal name | Bailey, John, |
| Dates associated with a name | 1942 Aug. 10- |
| 9 (RLIN) | 41672 |
| 700 1# - ADDED ENTRY--PERSONAL NAME | |
| Personal name | Armstrong, Craig. |
| 9 (RLIN) | 58362 |
| 700 1# - ADDED ENTRY--PERSONAL NAME | |
| Personal name | Cook, Claire, |
| Dates associated with a name | 1955- |
| Title of a work | Must love dogs. |
| 9 (RLIN) | 5833982 |
| 710 2# - ADDED ENTRY--CORPORATE NAME | |
| Corporate name or jurisdiction name as entry element | Warner Home Video (Firm) |
| 9 (RLIN) | 61103 |
| 938 ## - | |
| -- | Baker and Taylor |
| -- | BTCP |
| -- | be2005025274 |
| 942 ## - ADDED ENTRY ELEMENTS (KOHA) | |
| Koha item type | DVD |
| 948 ## - LOCAL PROCESSING INFORMATION (OCLC); SERIES PART DESIGNATOR (RLIN) | |
| Series part designator, SPT (RLIN) | 07/08/2006 |
| b (OCLC) | 01/31/2007 |
| z (OCLC) | Sirsi |
| 994 ## - | |
| -- | 02 |
| -- | WACOL |
| 996 ## - | |
| -- | 49317 |
| -- | 34301001605833 |
| -- | DVD |
| -- | DVD |
| -- | wcl |
| -- | o |
| -- | 102 |
| -- | 9.95 |
| -- | Gift |
| -- | Mus |
| -- | 01/31/2007 |
| -- | 05/31/2019 |
| -- | 03/10/2020 |
| Withdrawn status | Lost status | Source of classification or shelving scheme | Damaged status | Not for loan | Collection code | Home library | Current library | Shelving location | Date acquired | Source of acquisition | Cost, normal purchase price | Total Checkouts | Total Renewals | Full call number | Barcode | Date last seen | Date checked out | Cost, replacement price | Price effective from | Koha item type |
|---|---|---|---|---|---|---|---|---|---|---|---|---|---|---|---|---|---|---|---|---|
| Dewey Decimal Classification | Movies | Wasatch County Library | Wasatch County Library | Audio Visual Area | 01/31/2007 | Donation | 9.95 | 105 | 1 | DVD Mus | 34301001605833 | 03/10/2025 | 03/07/2025 | 9.95 | 03/20/2020 | DVD |
